LIBRARY & INFORMATION CENTRE, KCAET, TAVANUR

ONLINE PUBLIC ACCESS CATALOGUE (OPAC)

Dynamics of agricultural development in India / (Record no. 2311)

MARC details
000 -LEADER
fixed length control field 00463cam a2200181ua 4500
041 ## - LANGUAGE CODE
Language code of text/sound track or separate title eng
082 ## - DEWEY DECIMAL CLASSIFICATION NUMBER
Classification number 630
Item number ALI/DY
100 ## - MAIN ENTRY--AUTHOR NAME
Personal name Alimohammad, .
245 00 - TITLE STATEMENT
Title Dynamics of agricultural development in India /
250 ## - EDITION STATEMENT
Edition statement 1 /
260 ## - PUBLICATION, DISTRIBUTION, ETC. (IMPRINT)
Place of publication New Delhi :
Name of publisher Concept Publishing Company ,
Year of publication 1979.
300 ## - PHYSICAL DESCRIPTION
Number of Pages 209 ; .
942 ## - ADDED ENTRY ELEMENTS (KOHA)
Koha item type Books
Holdings
Withdrawn status Lost status Damaged status Home library Current library Date acquired Full call number Accession Number Koha item type
      KAUAET KAUAET 07/04/2012 630 14686 Books
free website counter